| 000 | 01593cam a2200421 a 4500 | ||
|---|---|---|---|
| 001 | EDZ0000116362 | ||
| 003 | StDuBDS | ||
| 005 | 20161031105119.0 | ||
| 006 | m||||||||d|||||||| | ||
| 007 | cr ||||||||||| | ||
| 008 | 130111s2001 enka fo| 000|0|eng d | ||
| 020 |
_a9781446261477 (ebook) : _cNo price |
||
| 040 |
_aStDuBDS _beng _cStDuBDS _epn |
||
| 049 | _aAlfaisal Main Library | ||
| 050 | 0 |
_aCB18.S25 _bE38 2001 |
|
| 082 | 0 | 4 |
_a306.092 _223 |
| 245 | 0 | 0 |
_aEdward Said _h[electronic resource] / _cedited by Patrick Williams. |
| 260 |
_aLondon : _bSAGE, _c2001. |
||
| 300 |
_a1 online resource (4 v.) : _bill. |
||
| 490 | 1 | _aSAGE masters of modern social thought | |
| 520 | 8 | _aEdward Said is one of a handful of influential, global thinkers who is able to bridge the gulf between Western thought and Eastern ways of perceiving the world. This collection of essays examines his contribution to the social and cultural sciences. | |
| 521 | _aSpecialized. | ||
| 588 | _aDescription based on print version record. | ||
| 504 | _aIncludes bibliographical references. | ||
| 600 | 1 | 0 | _aSaid, Edward W. |
| 650 | 0 | _aOrientalism. | |
| 650 | 0 | _aImperialism. | |
| 650 | 0 | _aPostcolonialism. | |
| 650 | 0 | _aArab-Israeli conflict. | |
| 650 | 0 | _aCulture. | |
| 655 | 7 |
_aElectronic books. _2local |
|
| 700 | 1 |
_aWilliams, Patrick, _d1951- |
|
| 710 | 2 | _aSage eBooks | |
| 776 | 0 | 8 |
_iPrint version : _z9780761970545 |
| 830 | 0 | _aSAGE masters of modern social thought. | |
| 856 | 4 | 0 | _uhttp://ezproxy.alfaisal.edu/login?url=http://sk.sagepub.com/navigator/edward-said |
| 942 |
_2lcc _cEBOOKS |
||
| 999 |
_c479593 _d479593 |
||